000 00350nam a2200145 a 4500
008 970121s1970||||xx 0 und c
040 _aSNK
_bslo
_cSNK
_eAACR2
100 1 _aBartók, Béla
245 1 0 _aSlovenské ľudové piesne. 2. zv.
260 _aBratislava
_bSAV
_c1970
300 _a808 s.
044 _axo
_cSK
041 _aslo
020 _c85
999 _c15198
_d15198